000 02349nam a2200325 a 4500
001 000045539
005 20201002052314.0
008 111125s2005 dr 000 p spa d
040 _aDO-SdBNP
_bspa
_cBNPHU
041 1 7 _aita
_bspa
082 _axxx
_bxxxx
245 0 3 _aL´altra sponda dei sogni = La otra orilla de los sueños :
_bvoci della poesia italiana contemporanea = voces de la poesía italiana contemporánea /
_cpreparada por Giampietro Schibotto, Pierfranco BruniVittorino Andreoli...[et al] ; traducción Nieves Arribas...[et al].
260 _aSanto Domingo :
_bEstemporanee
_bDirección general de la Feria del Libro
_bSecretaría de Estado de Cultura,
_c2005.
300 _a200 p. : ;
_c18 cm.
500 _aLa presente antología bilingüe, preparada por Giampietro Schibotto y Pierfranco Bruni, ofrece a los lectores dominicanos unos cuantos poemas de algunas de las figuras más interesantes de la poesía italiana actual, voces vivas de un universo rico y complejo. Se trata de una invitación a la lectura, un primer encuentro que esperamos permita saborear la calidad y la fuerza de una fascinante experiencia literaria.
500 _aTexto en dos idiomas
500 _aIncluye datos biografícos de los autores a pie de páginas.
505 0 _tPreámbulo --
_tVittorino Andreoli --
_tAlberto Bevilacqua --
_tGiuseppe Bonaviri --
_tPierfranco Bruni --
_tCorrado Calabró --
_tPatrizia Cavalli --
_tGiuseppe Conte --
_tMaurizio Cucchi --
_tErri De Luca --
_tBruno Forte --
_tGiovanni Giudici --
_tMeri Lao --
_tValerio Magrelli --
_tAlda Merini --
_tSilvio Mignano --
_tAlessandro Parronchi --
_tRoberto Pazzi --
_tCristanziano Serricchio --
_tMaria Luisa Spaziani --
_tCesare Viviani --
_tAndrea Zanzotto --
_tValentino Zaichen --
_tPoesía y poetas, generaciones frete a frente: los contemporáneos /
700 1 2 _aSchibotto, Giampietro
_epre.
_973598
700 1 2 _aBruni, Pierfranco
_epre.
_950924
700 1 2 _aArribas, Nieves
_etrad.
_973599
700 1 2 _aBarriuso, Manuel
_etrad.
_940698
700 1 2 _aMálaga Delgado, Nuria
_etrad.
_973600
700 1 2 _aYglesias, Jorge
_etrad.
_973601
700 1 2 _aManera, Danilo
_etrad.
_923179
700 1 2 _aAnadón, Pablo
_etrad.
_973602
700 1 2 _aPérez Vicente, Nuria
_etrad.
_950923
700 1 2 _aLao, Meri
_etrad.
_gse autotraduce
_973603
700 1 2 _aMignano, Silvio
_etrad.
_gse autotraduce
_973604
999 _c45028
_d45028